Capacitando a maestros de niños

সংরক্ষণ করুন:
গ্রন্থ-পঞ্জীর বিবরন
প্রধান লেখক: Eudaly, María S. de
বিন্যাস: গ্রন্থ
ভাষা:স্প্যানিশ
প্রকাশিত: Casa Bautista de Publicaciones. 1977.
বিষয়গুলি:
ট্যাগগুলো: ট্যাগ যুক্ত করুন
কোনো ট্যাগ নেই, প্রথমজন হিসাবে ট্যাগ করুন!

MARC

LEADER 00000nam a22000005a 4500
001 9913
003 CL-ChBUA
005 20120815103221.0
008 070301s1977 ag 000 0 spa
040 |a CL-ChBUA  |c CL-ChBUA 
082 0 0 |a 268.432 
090 |c 9913  |d 9913 
100 1 |a Eudaly, María S. de. 
245 1 0 |a Capacitando a maestros de niños 
260 |b Casa Bautista de Publicaciones.  |c 1977. 
300 |c 20 cm. 
650 4 |a EDUCACION RELIGIOSA - NIÑOS. 
942 |c LIB 
952 |0 0  |1 0  |4 0  |7 0  |9 14538  |a UNACH  |b UNACH  |c 200  |d 2007-03-05  |i 16.106.  |l 1  |o 268.432 / Eu 86.  |p 15537  |r 2019-04-22 00:00:00  |s 2019-04-18  |u 14538  |w 2012-08-08  |y LIB  |k 268.432 / Eu 86. 
999 |c 9913  |d 9913